MARC

LEADER 00000cab a2200000 ar4500
001 vtls009463524
003 SK-MaSNL
005 20260305043932.0
008 090121c2008 xo mr|p|||||||000 b|slo
038 |a PPPK 
040 |a PPPKCL  |b slo  |c PPPKCL  |e AACR2 
041 0 |a slo 
044 |a xo  |c SK 
080 |a 061.14  |x (1-22)(437.6)  |2 2001 
080 |a 316.344.6-053.2  |x (=214.58)  |2 2001 
245 0 0 |a Zbierky pre rómske deti  |c [autor] oú 
610 1 7 |a Stará Ľubovňa (Slovensko).  |b Obvodný úrad  |2 pppkcl  |9 118961 
648 7 |a 2008  |2 pppkcl  |9 317238 
650 0 7 |a obvodné úrady  |2 pppkcl  |9 1037392 
650 0 7 |a rómske deti  |2 pppkcl  |9 31049 
650 0 7 |a vecné zbierky  |2 pppkcl  |9 1626864 
651 7 |a Rakúsy (Slovensko)  |2 pppkcl  |9 54505 
651 7 |a Kežmarok (Slovensko : okres)  |2 pppkcl  |9 51824 
651 7 |a Kežmarok (Slovensko)  |2 pppkcl  |9 26808 
655 7 |a romiká  |2 pppkcl  |9 310820 
773 0 |t Kežmarok  |g Roč. XVI, č. 13 (2008), s. 13 
852 |a PPPK  |b KIS3GCP 
958 |a RQ 
999 |c 3355763  |d 3357693